00000000nam##2200000za#4500
0019.590765
003CaOODSP
00520250403104941
007cr |||||||||||
008150406|2000||||xxc|||||o    f|0| 0 fre|d
020 |a0-660-96431-7
022 |a1205-9161
040 |aCaOODSP|bfre
043 |an-cn---
0861 |aCS11-0019/156F-IN
24500|aIncidence du commerce international sur les salaires des Canadiens / |h[ressource électronique]|cpar Omar Zakhilwal.
260 |aOttawa - Ontario : |bStatistique Canada |cDécembre 2000.
300 |a20p.|bréférences, tableaux
4901 |aDocuments de recherche - Direction des études analytiques|x1205-9161|vN° 156
500 |aL'ISSN (1200-5231) de l'édition imprimée a été incorrectement copié dans l'édition électronique.
590 |a12-37-Supp|b2012-09-24
7102 |aStatistique Canada.
7201 |aZakhilwal, Omar
77508|tThe impact of international trade on the wages of Canadians / |w(CaOODSP)9.557510
7760#|tIncidence du commerce international sur les salaires des Canadiens / |w(CaOODSP)9.625478
830#0|aDocuments de recherche (Statistique Canada. Direction des études analytiques)|x1205-9161|vN° 156|w(CaOODSP)9.500842
85640|ahttp://publications.gc.ca|qPDF|s112 Ko|uhttps://publications.gc.ca/collections/Collection/CS11-0019-156F.pdf|yN° 156